De la física al hombre

Guardat en:
Dades bibliogràfiques
Autor principal: Charon, Jean E (Autor)
Format: Llibre
Idioma:espanyol
Publicat: Madrid Guadarrama 1967
Matèries:
Etiquetes: Afegir etiqueta
Sense etiquetes, Sigues el primer a etiquetar aquest registre!

MARC

LEADER 00000nam a2200000 a 4500
001 UCT1304
003 CL-VaPUC
008 960927e19670000SP |||||||||||||||||spa|d
082 0 4 |a 530  |b CHA  |2 21 
100 0 |a Charon, Jean E  |e author  |9 370122 
245 1 0 |a De la física al hombre 
300 |a 229 p 
942 |c BK 
945 |d 19960927 00:00:00  |a cmena 
260 |a Madrid  |b Guadarrama  |c 1967 
650 0 |a Física   |9 227844 
650 0 |a Metafísica  |9 265649 
650 0 |a Filosofía de la naturaleza  |9 265899 
650 0 |a Psicología   |9 257863 
650 0 |a Religión   |9 255164 
650 0 |a Biología  |9 262022 
583 |a last modification  |c 19960927 00:00:00  |k Rodrigo Vera 
999 |c 251865  |d 251863 
952 |0 0  |1 0  |4 0  |6 530_000000000000000_CHA_1967  |7 0  |8 A  |9 271344  |a BIBCUR  |b BIBCUR  |d 2019-11-19  |i 1748793  |o 530 CHA 1967  |p 1748793  |r 2025-04-22  |w 2019-11-19  |y BK  |k BCB